000 00767nam a2200253Ia 4500
003 OSt
005 20220928115358.0
006 a|||||r|||| 00| 0
007 ta
008 220927b |||||||| |||| 00| 0 eng d
020 _cIndian Rupees 900.00
024 _a135672
037 _bGift, 30/08/2017,
_cTextual
040 _aSDCL
_cSDCL
_beng
041 _2eng
_aeng
082 _aB380j6, Q0
100 _aD' Angelo John P.
_9444052
245 0 _aAn introduction to complex analysis and geometry (The Sally series)
260 _aRhode
_bIsland American mathematical society
_c2010
300 _axi,163p.
_ccm.
650 _aGift
_9391569
942 _hB380j6, Q0
_cTEXL
_2CC
999 _c759179
_d759179